| 000 | 01025cam a22002775a 4500 | ||
|---|---|---|---|
| 001 | 18249047 | ||
| 005 | 20201128023647.0 | ||
| 008 | 140731s2015 enk frb f001 0 eng d | ||
| 020 | _a9781107075696 | ||
| 040 |
_aDLC _beng _cDLC _dDLC _dEG-ScBUE |
||
| 082 | 0 | 4 |
_a343.03 _222 _bINT |
| 245 | 0 | 0 |
_aInternational economic law after the global crisis : _ba tale of fragmented disciplines / _cedited by C. L. Lim, Bryan Mercurio. |
| 260 |
_aCambridge : _bCambridge University Press, _c2015. |
||
| 300 |
_axv, 557 p. ; _c24 cm. |
||
| 500 | _aIndex : p. 537-557. | ||
| 504 | _aIncludes bibliographical references. | ||
| 650 | 7 |
_aInternational finance _xLaw and legislation. _2BUEsh _936692 |
|
| 650 | 0 |
_aInvestments, Foreign _xLaw and legislation. _2BUEsh |
|
| 650 | 7 |
_aInternational economic relations. _2BUEsh _93036 |
|
| 651 | _2BUEsh | ||
| 653 |
_bLLAAWW _cFebruary2016 |
||
| 650 | 7 |
_927887 _aForeign trade regulation _2BUEsh |
|
| 700 | 1 |
_aLim, C. L. _q(Chin L.), _eeditor. |
|
| 700 | 1 |
_aMercurio, Bryan, _eeditor. |
|
| 942 | _2ddc | ||
| 999 |
_c21278 _d21250 |
||